[Event "TUR Cup"]
[Site "Denizli"]
[Date "2024.08.06"]
[Round "11"]
[White "Bulgurlu, Okan"]
[Black "Dargali, Hakan"]
[Result "0-1"]
[WhiteElo "1964"]
[BlackElo "1973"]
[PlyCount "65"]
[EventDate "2024.07.30"]
[EventType "swiss"]
[EventRounds "11"]
[EventCountry "TUR"]
[SourceTitle "EXT 2025"]
[Source "ChessBase"]
[SourceDate "2024.10.14"]
[SourceVersion "1"]
[SourceVersionDate "2024.10.14"]
[SourceQuality "1"]

1. e4 Nc6 2. b3 e5 3. Bb2 Nf6 4. Nc3 Bc5 5. Bc4 0-0 6. h3 d6 7. Nf3 a6 8. a4 Be6 9. 0-0 Qd7 10. Kh2 h6 11. Qe2 Rae8 12. Nd5 Bxd5 13. exd5 Nb4 14. Qd1 Nbxd5 15. d4 exd4 16. Nxd4 Nf4 17. Qf3 d5 18. Ne2 Nxe2 19. Bxe2 Ne4 20. Rad1 Qe6 21. Bd3 Bd6+ 22. Kg1 c5 23. Rfe1 f5 24. Bf1 Kh7 25. Qd3 d4 26. Bc1 Qg6 27. Qf3 Re7 28. Bd3 Rfe8 29. Bf4 Ng5 30. Qg3 Rxe1+ 31. Rxe1 Rxe1+ 32. Kh2 Ne4 33. Bc1 0-1

[Event "TUR Cup"]
[Site "Denizli"]
[Date "2024.08.04"]
[Round "9"]
[White "Turgut, Hakan"]
[Black "Dargali, Hakan"]
[Result "1/2-1/2"]
[WhiteElo "2052"]
[BlackElo "1973"]
[PlyCount "90"]
[EventDate "2024.07.30"]
[EventType "swiss"]
[EventRounds "11"]
[EventCountry "TUR"]
[SourceTitle "EXT 2025"]
[Source "ChessBase"]
[SourceDate "2024.10.14"]
[SourceVersion "1"]
[SourceVersionDate "2024.10.14"]
[SourceQuality "1"]

1. d4 Nf6 2. g3 e6 3. Bg2 d5 4. Nf3 Bd6 5. 0-0 0-0 6. c4 c6 7. Qc2 Nbd7 8. Rd1 Qe7 9. Nbd2 Re8 10. e4 dxe4 11. Nxe4 Nxe4 12. Qxe4 e5 13. Bg5 f6 14. Be3 exd4 15. Qxe7 Bxe7 16. Bxd4 Nf8 17. Be3 Ne6 18. Bh3 Kf7 19. Nd2 b6 20. Ne4 Ba6 21. Rd7 Red8 22. Nd6+ Kf8 23. Bxe6 Rxd7 24. Bxd7 Bxd6 25. Rd1 Rd8 26. Rxd6 Ke7 27. c5 Rxd7 28. Rxd7+ Kxd7 29. cxb6 axb6 30. Bxb6 Ke6 31. Bd4 g5 32. g4 Be2 33. h3 f5 34. gxf5+ Kxf5 35. a4 h5 36. Kg2 g4 37. Kg3 Bf1 38. hxg4+ hxg4 39. Kh4 Be2 40. Bb6 Ke6 41. Kg5 Kd7 42. a5 Kc8 43. a6 Kb8 44. a7+ Kb7 45. Bc5 Bd1 1/2-1/2

[Event "TUR Cup"]
[Site "Denizli"]
[Date "2024.08.03"]
[Round "7"]
[White "Dincer, Cagla"]
[Black "Dargali, Hakan"]
[Result "0-1"]
[WhiteElo "1554"]
[BlackElo "1973"]
[PlyCount "70"]
[EventDate "2024.07.30"]
[EventType "swiss"]
[EventRounds "11"]
[EventCountry "TUR"]
[SourceTitle "EXT 2025"]
[Source "ChessBase"]
[SourceDate "2024.10.14"]
[SourceVersion "1"]
[SourceVersionDate "2024.10.14"]
[SourceQuality "1"]

1. e4 d6 2. Nf3 Nc6 3. Bc4 Nf6 4. d3 g6 5. 0-0 Bg7 6. c3 0-0 7. Bb3 e5 8. Be3 h6 9. h3 d5 10. exd5 Nxd5 11. Na3 Nxe3 12. fxe3 Kh7 13. Qe2 Qe7 14. e4 Be6 15. Ba4 Bd7 16. Bc2 Rad8 17. Kh1 a6 18. Nc4 b5 19. Ne3 Be6 20. Bb3 a5 21. Bxe6 Qxe6 22. Nd5 Qd6 23. a4 b4 24. Nd2 f5 25. Nc4 Qd7 26. Rfd1 Rf7 27. cxb4 Nd4 28. Qd2 Nb3 29. Qc3 Nxa1 30. Nxa5 Qxa4 31. b3 Nxb3 32. Nxb3 fxe4 33. dxe4 Qb5 34. Rg1 c6 35. Ne3 Rd3 0-1